000 00332nam a2200133Ia 4500
008 221030s9999 xx 000 0 und d
041 _aEnglish
100 _aS. L. Puri
245 0 _aLegislative Elite in an Indian State
_cby S. L. Puri
260 _bAbhinav Pub.
_aNew Delhi
_c1978
300 _a281
650 _aLaw
942 _cBK
999 _c18989
_d18989